| Tag |
First Indicator |
Second Indicator |
Subfields |
| LEADER |
00000cam a2200000 a 4500 |
| 001 |
in00002786030 |
| 006 |
m o d |
| 007 |
cr cn||||||||| |
| 008 |
120725s2012 miu ob 001 0 eng d |
| 005 |
20250816210014.1 |
| 010 |
|
|
|z 2012025924
|
| 020 |
|
|
|z 9780472118410 (cloth : alk. paper)
|
| 020 |
|
|
|z 9780472028542 (e-book)
|
| 035 |
|
|
|a (CaPaEBR)ebr10612417
|
| 040 |
|
|
|a CaPaEBR
|c CaPaEBR
|d UtOrBLW
|
| 043 |
|
|
|a e-gx---
|
| 050 |
1 |
4 |
|a JN3971.A979
|b M56 2012eb
|
| 082 |
0 |
4 |
|a 324.243/04
|2 23
|
| 100 |
1 |
|
|a Mitchell, Maria D.,
|d 1965-
|
| 245 |
1 |
4 |
|a The origins of Christian democracy :
|b politics and confession in modern Germany /
|c Maria D. Mitchell.
|
| 264 |
|
1 |
|a Ann Arbor :
|b University of Michigan Press,
|c 2012.
|
| 300 |
|
|
|a 1 online resource (xv, 343 pages)
|
| 336 |
|
|
|a text
|b txt
|2 rdacontent
|
| 337 |
|
|
|a computer
|b c
|2 rdamedia
|
| 338 |
|
|
|a online resource
|b cr
|2 rdacarrier
|
| 504 |
|
|
|a Includes bibliographical references and index.
|
| 505 |
0 |
|
|a Introduction -- Confessional conflict in German history -- Politics in defeat: the organizational beginnings of Christian democracy -- Christian democratic organization beyond the British zone: priests, Protestants, patriarchy -- Secularism, materialism, and rechristianization: the construction of a Christian democratic ideology -- Antimaterialism applied: ideological positions in the early CDU -- Christian democracy in practice: economic discourse and policy -- The CDU in council: forging economic and cultural policy -- Christian democracy and confessional culture in the Federal Republic -- Conclusion.
|
| 500 |
|
|
|a Electronic resource.
|
| 650 |
|
0 |
|a Christian democratic parties
|z Germany
|x History.
|
| 650 |
|
0 |
|a Christian democracy
|z Germany
|x History.
|
| 650 |
|
0 |
|a Christianity and politics
|z Germany
|x History.
|
| 655 |
|
7 |
|a Electronic books.
|2 local
|
| 710 |
2 |
|
|a ebrary, Inc.
|
| 856 |
4 |
0 |
|u https://ebookcentral.proquest.com/lib/tamucs/detail.action?docID=3415095
|y Connect to the full text of this electronic book
|t 0
|
| 980 |
|
|
|a 121113
|b 70
|c USD
|e 105
|f YBP_EBR0000046659
|g 1
|
| 999 |
f |
f |
|s dd39c9b9-db2e-3a77-b3f3-f609e394d574
|i d2aab5ba-9744-3857-be55-7e41cadb55da
|t 0
|
| 999 |
|
|
|a MARS
|
| 952 |
f |
f |
|a Texas A&M University
|b College Station
|c Electronic Resources
|d Available Online
|t 0
|e JN3971.A979 M56 2012eb
|h Library of Congress classification
|
| 998 |
f |
f |
|a JN3971.A979 M56 2012eb
|t 0
|l Available Online
|